00718nam a2200169 a 450000100100000000500170001000800410002704000250006810000290009324501540012226000610027630000350033770000260037270000280039895201050042699900170053100003659920200930075824.0120123s1961 xxug 000 0 spa d aDO-SdBNPbspacBNPHU1 aBraun, Charles E.96287710aOs ha nacido hoy :bcanta de navidad /cE. Charles Braun ; arreglos vocales a dos voces letra y música Chas E. Braun ; tradución George P. Braun. aEl Paso, Texas, EE. UU. :bCompañia Rodeheaver,c1961. a35 p. :bil., mús. ;c27 cm.1 aBraun, Chas E.9628781 aBraun, George P.962879 001050718MOaGRbGRcHDd2012-01-23iLF1l0o p36599-10r2020-06-25w2020-06-25y1ZNo se presta c36090d36090